00809nam a22002177a 450000500170000001000150001702000260003203500140005803700130007208200190008510000220010424500720012625000100019826000740020827000800028230000270036270000250038994200250041499900190043995201330045820231211113333.0 aENG-138573 c150.00a9789393622020 aEN-122105 bDBAD/PUB a746.922First  aAnisha, C.959702 aFundamentals Of Functional Clothing/cBy C. Anisha and S. Jayapriya aFirst aTamilnadubInnovation Online Training Academy (IOTA) Publishersc2022 bTamilnadua11C, Brindha Layout, Coimbatore-1k7825007500miotacbe@gmail.com a75p.c25cm(pbk)bindex aJayapriya, S.959703 2ddccENh746.92mANI c199587d199587 001040708NFICaVPbVPd2023-12-11eDBAD/PUBg150.00l0o746.92 ANIpEN-122105r2023-12-11 00:00:00t1v150.00w2023-12-11yEN